[Event "6th Neckar Open"]
[Site "Deizisau GER"]
[Date "2002.04.01"]
[Round "8"]
[White "Aronian,L"]
[Black "Kritz,L"]
[Result "1-0"]
[WhiteElo "2584"]
[BlackElo "2453"]

1.d4 Nf6 2.c4 e6 3.Nf3 d5 4.g3 Be7 5.Bg2 O-O 6.O-O dxc4 7.Qc2 a6 8.a4 Bd7
9.Qxc4 Bc6 10.Bg5 Bd5 11.Qd3 c5 12.dxc5 Nbd7 13.Nc3 Nxc5 14.Qe3 Ncd7 15.Rfd1 Re8
16.a5 h6 17.Bxf6 Nxf6 18.Nxd5 exd5 19.Qb3 Qc7 20.e3 Rac8 21.Nd4 Red8 22.Nf5 g6
23.Rac1 Qxc1 24.Nxe7+ Kg7 25.Rxc1 Rxc1+ 26.Bf1 Rd7 27.Qb4 Rcc7 28.Nxg6 fxg6
29.Bd3 Re7 30.Kg2 Re6 31.Qd4 Rd7 32.g4 Kf7 33.h4 h5 34.g5 Ng8 35.f4 Ne7 36.f5 Nxf5
37.Bxf5 gxf5 38.Qh8 Rde7 39.Kf2 Rxe3 40.Qxh5+ Kg7 41.Qh6+ Kg8 42.Qg6+ Kh8
43.Qf6+ Kg8 44.Qd4 R3e5 45.Kf3 Re8 46.Qb6 Re1 47.Qg6+ Kh8 48.Qf6+ Kg8 49.g6 R8e7
50.h5 R1e4 51.Qd6 Kg7 52.Qxd5 Kf6 53.Qd2 R7e5 54.Qh6 Rd5 55.g7+ Kf7 56.Qg5 Kg8
57.h6 Re8 58.h7+ Kxh7 59.Qh5+ Kxg7 60.Qxe8 Rb5 61.Qe6 f4 62.Kxf4 Kf8 63.Ke4  1-0

[Event "FSGMB April"]
[Site "Budapest HUN"]
[Date "2002.04.04"]
[Round "3"]
[White "Karttunen,M"]
[Black "Pipa,A"]
[Result "1-0"]
[WhiteElo "2429"]
[BlackElo "2380"]

1.c4 e6 2.g3 d5 3.Bg2 Nf6 4.d4 Be7 5.Nf3 O-O 6.O-O dxc4 7.Qc2 a6 8.a4 Bd7
9.Qxc4 Bc6 10.Bg5 a5 11.Nc3 Na6 12.Bxf6 Bxf6 13.e4 Nb4 14.Rfd1 b6 15.Rd2 Bb7
16.Rad1 c6 17.h4 Ba6 18.Qb3 Qc7 19.Nh2 Rad8 20.Ng4 Be7 21.Bf1 Bxf1 22.Kxf1 Qb7
23.Kg1 Qa6 24.Ne3 Rc8 25.Nc4 Qb7 26.Ne2 Qa6 27.Nf4 Qb7 28.Qf3 Kh8 29.Qh5 Kg8
30.Qg4 Kh8 31.Ne5 Bd8 32.Nh3 Qe7 33.Qh5 Kg8 34.Nc4 Bc7 35.Ng5 h6 36.Nf3 f5
37.Re2 Qf7 38.Qxf7+ Rxf7 39.Nfe5 Bxe5 40.dxe5 Rcc7 41.Rd8+ Kh7 42.Nd6 Rfd7
43.Rxd7 Rxd7 44.exf5 exf5 45.e6  1-0

[Event "FIDE GP"]
[Site "Dubai UAE"]
[Date "2002.04.05"]
[Round "3.3"]
[White "Georgiev,Ki"]
[Black "Karpov,An"]
[Result "1-0"]
[WhiteElo "2655"]
[BlackElo "2693"]

1.d4 Nf6 2.c4 e6 3.g3 d5 4.Bg2 Be7 5.Nf3 O-O 6.O-O dxc4 7.Ne5 Nc6 8.Bxc6 bxc6
9.Nxc6 Qe8 10.Nxe7+ Qxe7 11.Qa4 e5 12.dxe5 Qxe5 13.Qxc4 Be6 14.Qd3 Rad8 15.Qe3 Qh5
16.f3 Rfe8 17.Qg5 Bc4 18.Qxh5 Nxh5 19.Nc3 Bxe2 20.Rf2 Ba6 21.Bg5 f6 22.Bd2 f5
23.Rc1 h6 24.Na4 Bb5 25.Nc5 Rd6 26.Ba5 Re7 27.Bb4 Re3 28.Nb3 Rc6 29.Rxc6 Bxc6
30.Nd4 Bd7 31.Rd2 Nf6 32.Kf2 Re5 33.Ne2 Rd5 34.Rc2 c6 35.Bc5 a6 36.Nd4 g5
37.b4 g4 38.f4 a5 39.Ke3 axb4 40.Bxb4 Rb5 41.Nxb5 Nd5+ 42.Kd2 Nxb4 43.Rb2  1-0

[Event "FIDE GP"]
[Site "Dubai UAE"]
[Date "2002.04.05"]
[Round "3.1"]
[White "Georgiev,Ki"]
[Black "Karpov,An"]
[Result "1-0"]
[WhiteElo "2655"]
[BlackElo "2693"]

1.d4 Nf6 2.c4 e6 3.g3 d5 4.Bg2 Be7 5.Nf3 O-O 6.O-O dxc4 7.Qc2 a6 8.a4 Bd7
9.Qxc4 Bc6 10.Bg5 h6 11.Bxf6 Bxf6 12.Nc3 Bxf3 13.Bxf3 c6 14.Rfd1 a5 15.h4 Qb6
16.e3 Nd7 17.Qe2 Rfd8 18.Rd2 Qb4 19.Ne4 Be7 20.b3 Nf6 21.Rd3 e5 22.Nxf6+ Bxf6
23.dxe5 Bxe5 24.Rad1 Qe7 25.Bg4 Rxd3 26.Qxd3 Bf6 27.h5 Rd8 28.Qf5 Rxd1+ 29.Bxd1 Qd8
30.Be2 Kf8 31.Bc4 Ke7 32.Kg2 Qc7 33.Qc5+ Ke8 34.Qa7 Bd8 35.Qd4 Bf6 36.Qg4 Ke7
37.Kg1 Qd8 38.Kf1 Kf8 39.Qf5 Ke7 40.Ke2 Qc7 41.f4 Qd7 42.Qxd7+ Kxd7 43.Bxf7 b5
44.Kd3 Bb2 45.e4 Ke7 46.Bg8 Kf8 47.Bh7 Ba3 48.e5 Bb4 49.Be4 Be1 50.g4 bxa4
51.bxa4 c5 52.Bd5 Ke7 53.Bc4 Bg3 54.Ke4 Be1 55.Kf5 Bd2 56.g5 hxg5 57.Kxg5 Bc1
58.Kg4 Bb2 59.Kf3 Bc1 60.Ke4 Bd2 61.h6 gxh6 62.f5  1-0

[Event "IDJM"]
[Site "Augsburg GER"]
[Date "2002.04.07"]
[Round "7"]
[White "Loetscher,R"]
[Black "Baramidze,D"]
[Result "1/2-1/2"]
[WhiteElo "2266"]
[BlackElo "2328"]

1.d4 d5 2.c4 e6 3.Nf3 Be7 4.g3 Nf6 5.Bg2 dxc4 6.Nc3 Nc6 7.Qa4 O-O 8.Qxc4 Na5
9.Qd3 c5 10.O-O cxd4 11.Qxd4 Qxd4 12.Nxd4 Rd8 13.Nb3 Nc4 14.Rd1 Rxd1+ 15.Nxd1 Rb8
16.Ne3 b5 17.Nxc4 bxc4 18.Na5 Bc5 19.Nxc4 Ba6 20.Bf4 Rb4 21.b3 Bxc4 22.Rc1 Ng4
23.Rxc4 Rxc4 24.bxc4 Nxf2 25.Kf1 Nd1 26.Bc6 Kf8 27.Ke1 Nc3 28.a4 f6 29.Bd2 Na2
30.Kd1 Ke7 31.Kc2 Kd6 32.Be4 f5 33.Kb3 fxe4 34.Kxa2 h5 35.h3 Bf2 36.g4 hxg4
37.hxg4 Kc5 38.Kb3 g6 39.Bc3 a6 40.Bf6 Bg3 41.Kc3 Be1+ 42.Kb3 Bg3 43.Kc3  1/2-1/2

[Event "ch-MGL w"]
[Site "Ulaanbaatar MGL"]
[Date "2002.04.09"]
[Round "8"]
[White "Batceceg,T"]
[Black "Anhchimeg,B"]
[Result "1/2-1/2"]
[WhiteElo "2215"]
[BlackElo "2200"]

1.d4 Nf6 2.Nf3 e6 3.c4 d5 4.g3 Be7 5.Bg2 O-O 6.O-O dxc4 7.Qc2 a6 8.a4 Bd7
9.Qxc4 Bc6 10.Bf4 a5 11.Nc3 Na6 12.Rac1 h6 13.Rfe1 Nd5 14.Ne5 Nab4 15.Nxc6 bxc6
16.Be5 Bd6 17.Red1 Qe7 18.e3 Rfc8 19.Qe2 f6 20.Bxd6 cxd6 21.e4 Nb6 22.b3 Rab8
23.Bh3 Rc7 24.Re1 e5 25.dxe5 fxe5 26.Rcd1 Rf8 27.Bf5 Rf6 28.Qe3 Nd7 29.Bxd7 Rxd7
30.Re2 Qf7 31.Rb1 Rf3 32.Qd2 Rd3 33.Qe1 Qf3 34.Re3 Rxe3 35.Qxe3 Qxe3 36.fxe3 Nd3
37.Ne2 Kf7 38.Kg2 Ke6 39.Nc1 Nb4 40.Rb2 Rb7 41.Kf3  1/2-1/2

[Event "Golden Cleopatra"]
[Site "Cairo EGY"]
[Date "2002.04.11"]
[Round "5"]
[White "Szekely,P"]
[Black "Kamal,M"]
[Result "1-0"]
[WhiteElo "2439"]
[BlackElo "2208"]

1.Nf3 d5 2.c4 e6 3.g3 Nf6 4.Bg2 Be7 5.d4 O-O 6.Qc2 b6 7.cxd5 exd5 8.O-O Bb7
9.Nc3 Ne4 10.Rd1 Nxc3 11.bxc3 Nd7 12.c4 dxc4 13.Ng5 Bxg5 14.Bxb7 Rb8 15.Bxg5 Qxg5
16.Bc6 Qe7 17.Qxc4 Nf6 18.Rac1 a5 19.e4 Rfc8 20.Rc2 Kf8 21.e5 Ne8 22.Rd3 g6
23.f4 Ng7 24.d5 Nf5 25.a4 f6 26.Qc3 fxe5 27.Qxe5 Kf7 28.g4 Nd6 29.Re3 Qf6
30.Bd7  1-0

[Event "6th Linklater Mem"]
[Site "San Francisco USA"]
[Date "2002.04.12"]
[Round "10"]
[White "Donaldson,J"]
[Black "Thornally,F"]
[Result "1-0"]
[WhiteElo "2430"]
[BlackElo "2320"]

1.c4 Nf6 2.Nf3 e6 3.g3 d5 4.Bg2 Be7 5.d4 O-O 6.O-O dxc4 7.Qc2 a6 8.Qxc4 b5
9.Qc2 Bb7 10.Bf4 Nc6 11.Rd1 Nb4 12.Qc1 Rc8 13.Nc3 Nbd5 14.Nxd5 Nxd5 15.Bg5 f6
16.Be3 c5 17.dxc5 Qe8 18.Ne1 Nxe3 19.Bxb7 Nxd1 20.Bxc8 Qxc8 21.Qxd1 Qxc5
22.Rc1 Qf5 23.Qd7 Kf7 24.Rc7 Re8 25.Nd3 Qe4 26.e3 g5 27.Nc5 Qe5 28.Nb7 Kf8
29.Nd8 Qxb2 30.Nxe6+ Kf7 31.Qd5 Kg6 32.Qd3+ f5 33.Nd4 Kh5 34.Qxf5  1-0

[Event "Bundesliga 2001-2"]
[Site "Porz GER"]
[Date "2002.04.13"]
[Round "12"]
[White "Haba,P"]
[Black "Dutreeuw,M"]
[Result "1-0"]
[WhiteElo "2496"]
[BlackElo "2345"]

1.d4 d5 2.c4 e6 3.Nf3 Nf6 4.g3 Be7 5.Bg2 O-O 6.O-O dxc4 7.Qc2 a6 8.Qxc4 b5
9.Qc2 Bb7 10.Bd2 Be4 11.Qc1 Qc8 12.Bg5 Nbd7 13.Nbd2 Bb7 14.Bxf6 Nxf6 15.Nb3 Nd7
16.Na5 Bd5 17.Nc6 Bd6 18.Nfe5 Bxg2 19.Kxg2 Nb8 20.Nxb8 Rxb8 21.Nc6 Rb6 22.Qc2 f5
23.f4 Qe8 24.Rac1 Qh5 25.e4 fxe4 26.Qxe4 Rf6 27.Ne5 Qe8 28.Ng4 Rf7 29.f5 Re7
30.f6 Rf7 31.fxg7 Kxg7 32.Ne5 Rxf1 33.Rxf1 Bxe5 34.Qxe5+ Kg8 35.Qg5+ Kh8
36.Qf6+ Kg8 37.Qg5+ Kh8 38.Qf6+ Kg8 39.Rf4 h5 40.Qg5+ Kh7 41.Rf6 e5 42.Qh6+ Kg8
43.Qg5+ Kh7 44.Qf5+ Kg7 45.Rxb6  1-0

[Event "Open"]
[Site "Dubai UAE"]
[Date "2002.04.15"]
[Round "1"]
[White "Sorokin,M"]
[Black "Somev,A"]
[Result "1-0"]
[WhiteElo "2551"]
[BlackElo "2101"]

1.d4 d5 2.c4 e6 3.Nf3 Nf6 4.g3 Be7 5.Bg2 O-O 6.Qc2 b6 7.cxd5 exd5 8.Nc3 Bb7
9.O-O Nbd7 10.Bf4 Nh5 11.Rad1 c6 12.Bc1 f5 13.a3 g6 14.b4 b5 15.Qb3 Nb6 16.e4 fxe4
17.Nxe4 Nc4 18.Nc5 Bc8 19.Rfe1 Bxc5 20.dxc5 a5 21.Bg5 Nf6 22.Nd4 axb4 23.Nxc6 Qc7
24.Ne7+ Kg7 25.Bxf6+ Rxf6 26.Nxd5 Qxc5 27.Nxf6 Rxa3 28.Ne4 Qe7 29.Qb1 Bf5
30.Rd5 b3 31.Rxb5 Bxe4 32.Bxe4 Qf6 33.Rb7+  1-0

[Event "XX Open"]
[Site "Metz FRA"]
[Date "2002.04.16"]
[Round "4"]
[White "Sprenger,J"]
[Black "Zelcic,R"]
[Result "0-1"]
[WhiteElo "2464"]
[BlackElo "2544"]

1.d4 Nf6 2.c4 e6 3.Nf3 d5 4.g3 Be7 5.Bg2 O-O 6.O-O dxc4 7.Qc2 a6 8.Qxc4 b5
9.Qc2 Bb7 10.Bf4 Nc6 11.Rd1 Nb4 12.Qc1 Nbd5 13.Nbd2 Nxf4 14.gxf4 c5 15.dxc5 Qc7
16.Nb3 Rac8 17.Ne5 Bxg2 18.Kxg2 Nd5 19.e4 Nf6 20.Kf3 a5 21.c6 Bd6 22.Qc3 Nh5
23.Nd7 Rfd8 24.e5 Rxd7 25.cxd7 Qb7+ 26.Ke3 Rxc3+ 27.bxc3 Qb6+ 28.Nd4 Be7
29.c4 bxc4 30.Rab1 Qa7 31.Ke2 Nxf4+ 32.Kf3 Nd3 33.Rxd3 cxd3 34.Nc6 Qxd7 35.Nxe7+ Kf8  0-1

[Event "Open"]
[Site "Dubai UAE"]
[Date "2002.04.17"]
[Round "3"]
[White "Sorokin,M"]
[Black "Pigusov,E"]
[Result "1/2-1/2"]
[WhiteElo "2551"]
[BlackElo "2623"]

1.d4 Nf6 2.c4 e6 3.g3 d5 4.Bg2 Be7 5.Nf3 O-O 6.O-O dxc4 7.Qc2 a6 8.a4 Bd7
9.Qxc4 Bc6 10.Bg5 Bd5 11.Qc2 Be4 12.Qd1 c5 13.Nbd2 Bc6 14.dxc5 Bxc5 15.Nb3 Bb4
16.Ne5 Bxg2 17.Kxg2 h6 18.Qxd8 Rxd8 19.Bxf6 gxf6 20.Nd3 Nc6 21.Rfc1 a5 22.Nxb4 Nxb4
23.Rc7 b6 24.Rac1 f5  1/2-1/2

[Event "Mitropa Cup"]
[Site "Leipzig GER"]
[Date "2002.05.08"]
[Round "6"]
[White "Jirka,J"]
[Black "Gozzoli,Y"]
[Result "1-0"]
[WhiteElo "2398"]
[BlackElo "2313"]

1.d4 Nf6 2.c4 e6 3.g3 d5 4.Bg2 Be7 5.Nf3 O-O 6.O-O c6 7.Nc3 Nbd7 8.Nd2 b6
9.e4 dxe4 10.Ndxe4 Nxe4 11.Nxe4 Bb7 12.Be3 Nf6 13.Nc3 Qc8 14.Qc2 c5 15.d5 exd5
16.cxd5 Rd8 17.Rad1 b5 18.Rfe1 a6 19.Bg5 Qc7 20.Qe2 Bf8 21.Bxf6 gxf6 22.Qh5 h6
23.Be4 Rd6 24.Qf5 Bg7 25.Qh7+ Kf8 26.Bf5 b4 27.Ne2 Bxd5 28.Nf4 Bf3 29.Rxd6 Qxd6
30.Ne6+ fxe6 31.Bxe6 Qxe6 32.Rxe6 Rd8 33.Re1 Bd5 34.Qf5 Bxa2 35.Qxc5+ Kg8
36.Qxb4 Bf7 37.Qb6  1-0

[Event "TCh-NOR Finals"]
[Site "Oslo NOR"]
[Date "2002.05.08"]
[Round "1"]
[White "Gronn,A"]
[Black "Moen,S"]
[Result "1-0"]
[WhiteElo "2310"]
[BlackElo "2177"]

1.Nf3 d5 2.d4 Nf6 3.c4 e6 4.g3 Be7 5.Bg2 O-O 6.O-O c6 7.Qc2 Nbd7 8.Nbd2 b6
9.e4 dxe4 10.Nxe4 Bb7 11.Rd1 Nxe4 12.Qxe4 Qc7 13.Bf4 Bd6 14.Bxd6 Qxd6 15.c5 Qe7
16.Rac1 Rfd8 17.Qc2 h6 18.Qb3 Rab8 19.Qa3 Ra8 20.Nd2 b5 21.Nb3 Nf6 22.Na5 Qc7
23.b4 Nd5 24.Re1 Rd7 25.Nb3 a6 26.Re5 Rad8 27.Bxd5 Rxd5 28.Rxd5 Rxd5 29.Qa5 Qxa5
30.Nxa5 Rd7 31.f4 Kf8 32.Kf2 Ke7 33.Ke3 Kd8 34.a4 Kc7 35.axb5 axb5 36.Nb3 Rd8
37.Ra1 Ra8 38.Rxa8 Bxa8 39.Nd2 f5 40.Nf3 Bb7 41.h3 Kd7 42.Nh4 Ke7 43.d5 cxd5
44.Kd4 Kf6 45.Nf3 g5 46.Ne5 h5 47.c6 Bc8 48.h4 gxh4 49.gxh4 Ke7 50.Kc5 d4
51.Nd3 Ba6 52.Kb6 Bc8 53.Kc7 Ba6 54.Ne5  1-0

[Event "ch-UKR"]
[Site "Alushta UKR"]
[Date "2002.05.09"]
[Round "7"]
[White "Truskavetsky,A"]
[Black "Grabinsky,V"]
[Result "1-0"]
[WhiteElo "2338"]
[BlackElo "2260"]

1.d4 d5 2.c4 e6 3.Nf3 Nf6 4.g3 Be7 5.Bg2 O-O 6.O-O c6 7.Qc2 Nbd7 8.b3 b6
9.Nc3 a5 10.e4 Ba6 11.Nd2 Rc8 12.Re1 c5 13.exd5 cxd4 14.Ne2 exd5 15.Nxd4 b5
16.Qf5 bxc4 17.bxc4 Bxc4 18.Nxc4 Rxc4 19.Bb2 Bb4 20.Red1 Re8 21.Bxd5 Nxd5
22.Qxd5 Nb6 23.Qh5 Qf6 24.Rab1 Bc5 25.Nf5 Bxf2+ 26.Kg2 Qc6+ 27.Kh3 Rc2 28.Rd6 Qe4
29.Nh6+ gxh6 30.Rf6 Qd5 31.Rf5 Qe6 32.Bf6 Qe4 33.Rf4 Qe6+ 34.Rg4+  1-0

[Event "Capablanca Mem Premier I"]
[Site "Havana CUB"]
[Date "2002.05.09"]
[Round "4"]
[White "Cacho Reigadas,S"]
[Black "Gonzalez,Y"]
[Result "1-0"]
[WhiteElo "2469"]
[BlackElo "2444"]

1.d4 Nf6 2.c4 e6 3.Nf3 d5 4.g3 Be7 5.Bg2 O-O 6.O-O dxc4 7.Qc2 a6 8.Qxc4 b5
9.Qc2 Bb7 10.Bg5 Be4 11.Qc1 Nbd7 12.Nbd2 Bb7 13.Nb3 a5 14.Rd1 Ra6 15.Nc5 Nxc5
16.Bxf6 Bxf6 17.Qxc5 Rb6 18.Rac1 Rc6 19.Qxb5 Rxc1 20.Rxc1 Bxf3 21.Bxf3 Qxd4
22.Qxa5 Qxb2 23.Rc5 Bd4 24.Rb5 Qa1+ 25.Kg2 Bb6 26.Qd2 g6 27.e3 Rb8 28.Bc6 Qf6
29.a4 Ba7 30.Rxb8+ Bxb8 31.Qd7 Kg7 32.Qc8 Qb2 33.Qa6 Qb6 34.Qc4 Ba7 35.h4 Qc5
36.Qe4 h6 37.g4 Bb6 38.Bb5 Qd5 39.Qxd5 exd5 40.Bc6 d4 41.exd4 Bxd4 42.f4 Kf6
43.a5 Ke6 44.Kf3 Kd6 45.Be8 Ke7 46.Bb5 Kd6 47.Bc4 f6 48.Bd3 g5 49.Ke4 Bf2
50.fxg5 fxg5 51.h5 Ke6 52.Bc4+ Kf6 53.Kd5 Be1 54.a6 Bf2 55.Kc6 Bb6 56.Kd7 Ke5
57.Ke7 Kd4 58.Be6 Kc5 59.Bf5 Kd4 60.Kf6 c5 61.Kg6 Ke5 62.Kxh6 Kf6 63.Bd3 Ba7
64.Bc4 Bb8 65.Kh7  1-0

[Event "TCh-NOR Finals"]
[Site "Oslo NOR"]
[Date "2002.05.09"]
[Round "2"]
[White "Madsen,D"]
[Black "Ostenstad,B"]
[Result "1/2-1/2"]
[WhiteElo "2305"]
[BlackElo "2438"]

1.Nf3 Nf6 2.c4 e6 3.g3 d5 4.d4 Be7 5.Bg2 O-O 6.O-O dxc4 7.Qc2 a6 8.Qxc4 b5
9.Qc2 Bb7 10.Bg5 Nbd7 11.Nbd2 Rc8 12.Nb3 Be4 13.Qc1 c5 14.Bxf6 Bxf6 15.dxc5 Qe7
16.Qf4 Ba8 17.Rad1 Nxc5 18.Nxc5 Rxc5 19.Rd2 e5 20.Qe3 e4 21.Nd4 g6 22.Rfd1 Rc7
23.Qb3 Rc4 24.e3 Rfc8 25.Bf1 Rc1 26.a4 bxa4 27.Qxa4 Bb7 28.b4 Rxd1 29.Rxd1 Bxd4
30.Rxd4 Rd8 31.Rxd8+ Qxd8 32.Bxa6 Bxa6 33.Qxa6 Qd1+ 34.Qf1 Qb3 35.b5 h5 36.h4 Kh7
37.Kg2 f5 38.Qe2 Kg7 39.Qf1 Kh7 40.Qe2 Kg7 41.Qf1  1/2-1/2

[Event "Dutch Team Playoffs"]
[Site "Enschede NED"]
[Date "2002.05.10"]
[Round "2"]
[White "Kiseleva,N"]
[Black "Erwich,M"]
[Result "0-1"]
[WhiteElo "2373"]
[BlackElo "2302"]

1.d4 Nf6 2.c4 e6 3.g3 d5 4.Bg2 Be7 5.Nf3 O-O 6.O-O b6 7.cxd5 exd5 8.Nc3 Bb7
9.Ne5 Na6 10.Qa4 c5 11.Bg5 cxd4 12.Qxd4 Nc7 13.Qa4 Ne6 14.Bxf6 Bxf6 15.Nd7 Bxc3
16.Nxf8 Nc5 17.Qc2 Be5 18.Qf5 Qf6 19.Qxh7+ Kxf8 20.Rad1 Rd8 21.b4 Na4 22.Rd2 g6
23.Rc1 Nc3 24.Qh6+ Kg8 25.e3 Ba6 26.Rcc2 d4 27.exd4 Bxd4 28.Kh1 Re8 29.Rc1 Bxf2  0-1

[Event "Mitropa Cup"]
[Site "Leipzig GER"]
[Date "2002.05.11"]
[Round "9"]
[White "Berkes,F"]
[Black "Jenni,F"]
[Result "1-0"]
[WhiteElo "2511"]
[BlackElo "2508"]

1.d4 Nf6 2.c4 e6 3.g3 d5 4.Bg2 Be7 5.Nf3 O-O 6.Qc2 Nbd7 7.O-O c6 8.Bf4 b6
9.cxd5 cxd5 10.Nc3 Ba6 11.Rac1 b5 12.a3 Rc8 13.Qd3 Nb6 14.a4 Nc4 15.axb5 Bb7
16.b3 Nd6 17.Na4 Nfe4 18.Ne5 Qa5 19.Nc6 Bxc6 20.bxc6 Rc7 21.f3 Nf6 22.e4 Nh5
23.Be3 g6 24.Rfd1 Rfc8 25.exd5 exd5 26.Bh3 f5 27.Bd2 Qb5 28.Qe3 Bf6 29.Bf1 Qb8
30.Qe6+ Nf7 31.Ba5 Qxb3 32.Nc5 Qb2 33.Bxc7 Bxd4+ 34.Rxd4 Qxd4+ 35.Kh1 Ra8
36.Nb3 Qf2 37.Qe2  1-0

[Event "FSIM May"]
[Site "Budapest HUN"]
[Date "2002.05.12"]
[Round "9"]
[White "Bui Vinh"]
[Black "Berczes,D"]
[Result "1-0"]
[WhiteElo "2420"]
[BlackElo "2179"]

1.d4 Nf6 2.c4 e6 3.g3 d5 4.Bg2 Be7 5.Nf3 O-O 6.O-O c6 7.Nbd2 b6 8.b3 Bb7
9.Bb2 Nbd7 10.Ne5 Nxe5 11.dxe5 Nd7 12.e4 Nc5 13.Qe2 Ba6 14.Rfd1 Qc7 15.exd5 exd5
16.Qe3 dxc4 17.Nxc4 Bxc4 18.bxc4 Na4 19.Ba3 Bxa3 20.Qxa3 Nc5 21.f4 Rad8 22.Qf3 Rxd1+
23.Rxd1 Rd8 24.Rxd8+ Qxd8 25.h4 Qd4+ 26.Kh2 Qxc4 27.Qxc6 g6 28.Qa8+ Kg7 29.Qxa7 b5
30.Qe7 Ne6 31.a3 Nd4 32.Qd7 Qc3 33.Qd5 Ne2 34.Qf3 Qxf3 35.Bxf3 Nc3 36.Bc6 f6
37.e6 Kf8 38.g4 f5 39.g5 Ke7 40.Bd7 Ne2 41.Bxb5 Nxf4 42.Bc4 Nxe6 43.a4 Kd6
44.a5 Nf8 45.Kg3 Kc5 46.a6 Kb6 47.Kf4 Nd7 48.Bg8 Nf8 49.Ke5 Kxa6 50.Kd6 Kb5
51.Ke7 Kc5 52.Kxf8 f4 53.Be6  1-0

[Event "ch-URU"]
[Site "Montevideo URU"]
[Date "2002.05.15"]
[Round "10"]
[White "Riverol,J"]
[Black "Valiente,C"]
[Result "0-1"]
[WhiteElo "2278"]
[BlackElo "2331"]

1.d4 Nf6 2.c4 e6 3.g3 d5 4.Bg2 Be7 5.Nf3 O-O 6.O-O c6 7.Nc3 Nbd7 8.b3 b6
9.e4 Bb4 10.Bb2 Bxc3 11.Bxc3 Nxe4 12.Bb2 Bb7 13.Re1 Re8 14.h4 Nef6 15.Ne5 Rc8
16.f4 c5 17.g4 Nxe5 18.dxe5 Nd7 19.g5 Nf8 20.f5 Rc7 21.f6 dxc4 22.Bxb7 Rxb7
23.bxc4 Rd7 24.Qg4 Qc7 25.fxg7 Ng6 26.h5 Ne7 27.Rf1 Nf5 28.Rae1 Rd2 29.Bc3 Rd3
30.Rf3 Red8 31.Ref1 Qd7 32.Qe4 Ng3 33.Rxd3 Qxd3  0-1

[Event "9th RUS-chT"]
[Site "Ekaterinburg RUS"]
[Date "2002.05.17"]
[Round "1"]
[White "Fominyh,A"]
[Black "Bologan,V"]
[Result "1/2-1/2"]
[WhiteElo "2536"]
[BlackElo "2652"]

1.d4 Nf6 2.Nf3 e6 3.c4 d5 4.g3 Be7 5.Bg2 O-O 6.O-O dxc4 7.Qc2 a6 8.Qxc4 b5
9.Qc2 Bb7 10.Bd2 Be4 11.Qc1 Bb7 12.Qc2 Nc6 13.e3 Ra7 14.Rc1 Qa8 15.Ne1 Nb8
16.Bxb7 Qxb7 17.Ba5 c5 18.dxc5 Nc6 19.Bb6 Raa8 20.a4 bxa4 21.Nc3 Rfc8 22.Nxa4 e5
23.Nc3 Nb4 24.Qb3 Nbd5 25.Nxd5 Nxd5 26.Qa4 Nxb6 27.cxb6 Rxc1 28.Rxc1 Qxb6
29.Qd7  1/2-1/2

[Event "4th Borowski GM"]
[Site "Essen GER"]
[Date "2002.05.17"]
[Round "2"]
[White "Kasimdzhanov,R"]
[Black "Lutz,C"]
[Result "1/2-1/2"]
[WhiteElo "2674"]
[BlackElo "2644"]

1.d4 Nf6 2.c4 e6 3.g3 d5 4.Bg2 Be7 5.Nf3 O-O 6.O-O dxc4 7.Qc2 a6 8.Qxc4 b5
9.Qc2 Bb7 10.Bd2 Be4 11.Qc1 Nbd7 12.Ba5 Rc8 13.Nbd2 Ba8 14.Re1 Qe8 15.b4 Ne4
16.a4 f5 17.axb5 axb5 18.e3 Bd6 19.Ra2 Bd5 20.Rc2 c6 21.Nxe4 Bxe4 22.Rb2 Qe7
23.Nd2 Bxg2 24.Kxg2 e5 25.Rc2 Bxb4 26.Bxb4 Qxb4 27.Rd1 exd4 28.Rxc6 Rxc6
29.Qxc6 dxe3 30.Nf3 Nf6 31.Qe6+ Kh8 32.Qxe3 Ne4 33.Qb6 Qe7  1/2-1/2

[Event "ch-CZE"]
[Site "Ostrava CZE"]
[Date "2002.05.21"]
[Round "6"]
[White "Haba,P"]
[Black "Jirovsky,M"]
[Result "1/2-1/2"]
[WhiteElo "2493"]
[BlackElo "2446"]

1.d4 d5 2.c4 e6 3.Nf3 Nf6 4.g3 Be7 5.Bg2 O-O 6.O-O Nbd7 7.Qc2 c6 8.b3 b6
9.Rd1 a5 10.Bb2 Bb7 11.Nc3 Qc7 12.e4 Rfd8 13.Rac1 Rac8 14.e5 Ne8 15.cxd5 cxd5
16.Bf1 Qb8 17.Bd3 Nf8 18.h4 h6 19.Qe2 Qa8 20.Nd2 Nc7 21.Ndb1 Ba6 22.Ba3 Bxd3
23.Qxd3 Bb4 24.Kg2 Qa6 25.Qxa6 Nxa6 26.Nb5 Ng6 27.Bxb4 axb4 28.Nd6 Rxc1 29.Rxc1 Ne7
30.a3 Rd7 31.Nb5 bxa3 32.N1xa3 Nb4 33.Nc2 Nbc6 34.Ra1 Rd8 35.Ra6 Nc8 36.b4 Kf8
37.Kf1 Ke7 38.Ke2 f6 39.f4 g5 40.hxg5  1/2-1/2

[Event "9th RUS-chT"]
[Site "Ekaterinburg RUS"]
[Date "2002.05.22"]
[Round "6"]
[White "Ulibin,M"]
[Black "Filippov,V"]
[Result "1/2-1/2"]
[WhiteElo "2576"]
[BlackElo "2612"]

1.d4 d5 2.c4 e6 3.Nf3 Nf6 4.g3 Be7 5.Bg2 O-O 6.O-O c6 7.Qc2 Nbd7 8.Nbd2 b6
9.e4 Bb7 10.b3 dxe4 11.Nxe4 c5  1/2-1/2

[Event "Open A"]
[Site "Ostrava CZE"]
[Date "2002.05.23"]
[Round "7"]
[White "Lahner,J"]
[Black "Nabelek,M"]
[Result "1-0"]
[WhiteElo "2235"]
[BlackElo "2099"]

1.d4 d5 2.c4 e6 3.Nf3 Nf6 4.g3 Be7 5.Bg2 Nbd7 6.O-O c6 7.b3 O-O 8.Bb2 b6
9.Nc3 Bb7 10.Qc2 Rc8 11.Rfd1 Qc7 12.Rac1 a6 13.Rd2 Bb4 14.a3 Bxc3 15.Bxc3 Ne4
16.Rd3 dxc4 17.bxc4 Nxc3 18.Rxc3 Nf6 19.c5 b5 20.e4 Rcd8 21.Rd1 a5 22.Re3 Ba6
23.e5 Nd5 24.Ng5 g6 25.Bxd5 cxd5 26.Rb1 Rb8 27.Qd2 h6 28.Nf3 Rb7 29.h4 Rfb8
30.Reb3 Kg7 31.Nh2 h5 32.Nf3 b4 33.axb4 Bc4 34.R3b2 a4 35.Qc3 Ra8 36.b5 Qa5
37.Qxa5 Rxa5 38.b6 a3 39.Rb4 a2 40.Ra1 Ra6 41.Nd2  1-0

[Event "Open A"]
[Site "Ostrava CZE"]
[Date "2002.05.24"]
[Round "8"]
[White "Vysoglad,P"]
[Black "Kubacak,L"]
[Result "1/2-1/2"]
[WhiteElo "2154"]
[BlackElo "2099"]

1.Nf3 Nf6 2.c4 e6 3.g3 d5 4.Bg2 Be7 5.d4 O-O 6.Nbd2 Nbd7 7.b3 b6 8.O-O Bb7
9.Bb2 Rc8 10.Ne5 c5 11.h3 cxd4 12.Bxd4 Qc7 13.Nxd7 Qxd7 14.Bb2 dxc4 15.Nxc4 Bxg2
16.Qxd7 Nxd7 17.Kxg2 Rfd8 18.f4 Bf6 19.Bxf6 Nxf6 20.Rfd1 Nd5 21.Rdc1 b5 22.Ne5 Nc3
23.Kf3 a5 24.Rc2 f6 25.Nd3 Rc7 26.Rac1 Rdc8 27.b4 axb4 28.Nxb4 Kf7 29.a3 Rc4
30.Nd3 Nb1 31.Rxc4 Nd2+ 32.Kf2 bxc4 33.Nb2 c3 34.Nd1 Ne4+ 35.Ke3 f5 36.Kd4 Rd8+
37.Kc4 Rc8+ 38.Kb3 Rb8+ 39.Kc2 Ra8 40.Kb3 Rb8+ 41.Kc2 Ra8  1/2-1/2

[Event "Bosnia GM"]
[Site "Sarajevo BIH"]
[Date "2002.05.27"]
[Round "6"]
[White "Kozul,Z"]
[Black "Georgiev,Ki"]
[Result "1/2-1/2"]
[WhiteElo "2595"]
[BlackElo "2654"]

1.d4 Nf6 2.Nf3 e6 3.c4 d5 4.g3 Be7 5.Bg2 O-O 6.O-O dxc4 7.Na3 Bxa3 8.bxa3 Bd7
9.Ne5 Bc6 10.Nxc6 Nxc6 11.Bb2 Qd7 12.Qa4 Nxd4 13.Qxc4 Rad8 14.Bxb7 c5 15.Bg2 Qb5
16.Qxb5 Nxb5 17.Rfc1 Rd2 18.Bxf6 gxf6 19.Rxc5 Nxa3 20.Ra5 Nc2 21.Rf1 Rxe2
22.Rxa7 Rd8 23.a4 Rdd2 24.Bf3 Re5 25.Bc6 Nd4 26.Be8 Kf8 27.Ra8 Nf3+ 28.Kh1 Ke7
29.Bc6 Nd4 30.Bb7 Ra2 31.Kg2 f5 32.Rd1 Nc2 33.Kg1 f4 34.Bc6 fxg3 35.hxg3 Nb4
36.Rd7+ Kf6 37.Bf3 Rf5 38.Raa7 Kg7 39.Bg4 Rfxf2 40.Bxe6 Rg2+ 41.Kh1 Rh2+
42.Kg1 Rag2+ 43.Kf1 Kf6 44.Bb3 Rxg3 45.Rxf7+ Ke5 46.Rae7+ Kd4 47.Rf4+ Kc3
48.Rc7+ Kxb3 49.Rb7 Rc3 50.Rbxb4+ Ka3 51.Rbc4 Rb3 52.Kg1 Rd2 53.a5 Rb1+ 54.Rf1 Rxf1+  1/2-1/2

[Event "TCh-BIH"]
[Site "Neum BIH"]
[Date "2002.06.04"]
[Round "4"]
[White "Golubovic,B"]
[Black "Savic,Miod1"]
[Result "1-0"]
[WhiteElo "2462"]
[BlackElo "2498"]

1.c4 Nf6 2.g3 e6 3.d4 d5 4.Nf3 Be7 5.Bg2 O-O 6.O-O Nbd7 7.Qc2 c6 8.Rd1 b6
9.b3 Bb7 10.Nc3 Qc8 11.Bb2 Ba6 12.Nd2 b5 13.e4 bxc4 14.bxc4 dxc4 15.Na4 Bb5
16.Bc3 Rb8 17.Nb2 c5 18.d5 exd5 19.exd5 Nb6 20.Nf1 Bd7 21.Be5 Bg4 22.Bxb8 Bxd1
23.Rxd1 Qxb8 24.Ne3 Rd8 25.Nbxc4 Nxc4 26.Nxc4 Bf8 27.Na5 Qc7 28.Nc6 Rd7 29.h4 h6
30.a4 Qd6 31.Qb3 Rc7 32.a5 Nd7 33.Re1 Nf6 34.a6 Rd7 35.Rd1 Rc7 36.Bf3 Nd7
37.Re1 Nb6 38.Rd1 c4 39.Qb5 Qf6 40.Kg2 Qd6 41.h5 Rd7 42.Qa5 Qf6 43.Rb1 Qd6
44.Nxa7 Rxa7 45.Rxb6 Qd8 46.Qb5 c3 47.Rc6 Qd7 48.Qc4 Ra8 49.Qxc3 Bd6 50.Qb3 Rb8
51.Rb6 Qa7 52.Rxb8+ Bxb8 53.Qb5 Kf8 54.Qb4+ Ke8 55.Be2 f5 56.d6 Kd8 57.Qa5+ Kd7
58.Qxf5+ Kxd6 59.Qg6+ Kc5 60.Bf3 Qc7 61.Qb1 Ba7 62.Qc2+ Kb6 63.Qxc7+ Kxc7
64.Be2 Kd6 65.f4 Kd5 66.Kf3 Bb6 67.Bd1 Ba7 68.Bb3+ Kc5 69.Bc2 Kc6 70.Ke4 Bf2
71.g4 Kd6 72.Kf5 Ke7 73.Bb3 Be3 74.Kg6 Bd4 75.g5 hxg5 76.fxg5 Kd6 77.h6 gxh6
78.gxh6 Kc6 79.h7  1-0

[Event "3rd EIWCh"]
[Site "Varna BUL"]
[Date "2002.06.06"]
[Round "10"]
[White "Johansson,V"]
[Black "Stoilkovska,S"]
[Result "1-0"]
[WhiteElo "2189"]
[BlackElo "2049"]

1.d4 d5 2.c4 e6 3.Nf3 Nf6 4.g3 Be7 5.Bg2 O-O 6.O-O Nbd7 7.b3 dxc4 8.bxc4 c5
9.e3 Qc7 10.Qb3 Rb8 11.Nc3 a6 12.Rd1 b6 13.d5 exd5 14.cxd5 c4 15.Qc2 b5 16.Nd4 Bb7
17.d6 Bxd6 18.Ndxb5 axb5 19.Nxb5 Qc5 20.Nxd6 Bxg2 21.Kxg2 Qc6+ 22.e4 Nc5
23.Qxc4 Nfxe4 24.Nxe4 Qxe4+ 25.Qxe4 Nxe4 26.a4 Rfc8 27.Be3 Ra8 28.a5 Rc6
29.Bb6 Kf8 30.Rac1 Rxc1 31.Rxc1 Nf6 32.Rc7 Nd5 33.Rd7 Nxb6 34.axb6 g6 35.b7 Rb8
36.Kf3 Kg7 37.Ke4 Kf6 38.Kd5 h5 39.Kd6 Re8 40.Kc7 Ke6 41.Rd3 Kf5 42.b8=Q Rxb8
43.Kxb8 Kg4 44.h4  1-0

[Event "FSGM June"]
[Site "Budapest HUN"]
[Date "2002.06.08"]
[Round "8"]
[White "Flumbort,A"]
[Black "Koneru,H"]
[Result "1/2-1/2"]
[WhiteElo "2414"]
[BlackElo "2486"]

1.Nf3 Nf6 2.c4 e6 3.g3 d5 4.d4 Be7 5.Bg2 O-O 6.O-O dxc4 7.Qc2 a6 8.a4 Bd7
9.Qxc4 Bc6 10.Bg5 Bd5 11.Qc2 Be4 12.Qd1 c5 13.dxc5 Bxc5 14.Qxd8 Rxd8 15.Nbd2 Bc6
16.Rfc1 Nbd7 17.Nb3 Bb4 18.Bd2 Bxd2 19.Nfxd2 Bxg2 20.Kxg2 Rdc8 21.Nc4 Ne8
22.Nca5 b6  1/2-1/2